Những bài ca đám cưới người Mường Thanh Hoá
v.v...
Đã lưu trong:
| Định dạng: | Sách |
|---|---|
| Năm xuất bản: |
H.
Lao động
2011
|
| Chủ đề: | |
| Tags: |
Thêm thẻ
Không có thẻ, Hãy là người đầu tiên gắn thẻ bản ghi này!
|
| LEADER | 00666nam a2200193 4500 | ||
|---|---|---|---|
| 082 | |a 392.5 |b NH556b. | ||
| 100 | |a | ||
| 245 | |a Những bài ca đám cưới người Mường Thanh Hoá |c Cao Sơn Hải sưu tầm, biên soạn, giới thiệu | ||
| 260 | |a H. |b Lao động |c 2011 | ||
| 300 | |a 317 tr. |c 21 cm | ||
| 520 | |a v.v... | ||
| 653 | |a Phong tục tập quán | ||
| 653 | |a Văn hóa dân gian | ||
| 653 | |a Bài ca | ||
| 653 | |a Đám cưới | ||
| 653 | |a Dân tộc Mường | ||
| 942 | |2 ddc |c SH | ||
| 999 | |c 8050 |d 8050 | ||
| 952 | |0 0 |1 0 |2 ddc |4 0 |6 392_500000000000000_NH556B |7 0 |8 300 |9 69139 |a qbu |b qbu |c D2 |d 2015-03-31 |o 392.5 NH556b. |p 7990.c1 |r 0000-00-00 |w 2015-03-31 |y SH | ||